Culture générale par animal. - Statistiques

Statistiques générales
  • Ce quiz a été pris 1 289 fois
  • Le résultat moyen est 9 sur 15
Statistiques - réponses
Questions Réponses % Correct
Azraël dans les Schtroumpfs. Chat
94%
Animal auquel se rapporte le terme équestre. Cheval
93%
Dans la mythologie, le centaure est une créature mi-homme, mi-.... Cheval
90%
Conte populaire de Charles Perrault, intitulé "Peau d'...." Âne
88%
Race du plus petit chien du monde, ou ville du Mexique. Chihuahua
75%
"Turbo" en est un dans le film d'animation du même nom sorti en 2013. Escargot
69%
Sonic, héros de Jeux Vidéo, en est un bleu. Hérisson
69%
Hybrides statistiquement stériles de la famille des équidés, engendrés par un âne et une jument. Mulet
60%
La hase est la femelle de cet animal. Lièvre
52%
Animal apparaissant sur le logo "Lamborghini". Taureau
51%
Animal commençant par un "O", de la famille des mammifères, il pond des œufs. Ornithorynque
50%
Animal apparaissant sur les pièces de 2 € Allemande. Aigle
46%
Animal apparaissant sur le drapeau du Sri Lanka. Lion
42%
"Marcel" en est un dans la série "Friends". Singe
36%
Espèce de champignons basidiomycètes comestibles appelé Hydne sinué ou Pied-de-.... Mouton
24%
Aucun quiz correspondant
Distribution des résultats
% des personnes avec chaque résultat
Percentile par nombre de réponses
Votre historique - résultats
Vous n’avez pas pris ce quiz